The legal definition of waste - the confusion continues (Record no. 70404)
[ view plain ]
| 000 -LEADER | |
|---|---|
| fixed length control field | 01368cam a2200265 4500 |
| 001 - CONTROL NUMBER | |
| control field | ABS65577 |
| 008 - FIXED-LENGTH DATA ELEMENTS--GENERAL INFORMATION | |
| fixed length control field | 020530n2002 000 0 eng u |
| 035 ## - SYSTEM CONTROL NUMBER | |
| System control number | (Sirsi) u118245 |
| 100 ## - MAIN ENTRY--PERSONAL NAME | |
| Personal name | O'Keefe, J |
| 245 #4 - TITLE STATEMENT | |
| Title | The legal definition of waste - the confusion continues |
| 260 ## - PUBLICATION, DISTRIBUTION, ETC. | |
| Date of publication, distribution, etc. | 2002 |
| 490 ## - SERIES STATEMENT | |
| Series statement | Wastes Management |
| Volume/sequential designation | May 2002, 48-19(2) |
| 520 ## - SUMMARY, ETC. | |
| Summary, etc. | Considers the confusion over the definition of waste and looks at the number of cases that have added to the debate of what is waste in their attempt to define what is and is not waste. The European Waste Framework Directive defines waste as 'any substance or object in the categories set out in Annex 1 which the holder discards or intends or is required to discard.' Discusses with reference to case law the question of whether waste is still waste if a 'complete recovery operation' is carried out on the material. |
| 590 ## - LOCAL NOTE (RLIN) | |
| Local note | ABS |
| 650 ## - SUBJECT ADDED ENTRY--TOPICAL TERM | |
| Topical term or geographic name entry element | LEGAL DEFINITION |
| 650 ## - SUBJECT ADDED ENTRY--TOPICAL TERM | |
| Topical term or geographic name entry element | DIRECTIVE 75/442/EEC |
| 650 ## - SUBJECT ADDED ENTRY--TOPICAL TERM | |
| Topical term or geographic name entry element | CASTLE CEMENT V ENVIRONMENT AGENCY |
| 650 ## - SUBJECT ADDED ENTRY--TOPICAL TERM | |
| Topical term or geographic name entry element | MAYER PARRY RECYCLING LTD V ENVIRONMENT AGENCY |
| 650 ## - SUBJECT ADDED ENTRY--TOPICAL TERM | |
| Topical term or geographic name entry element | ARCO CHEMIE NEDERLAND LTD V MINISTER VAN VOLKSHUISVESTING |
| 650 ## - SUBJECT ADDED ENTRY--TOPICAL TERM | |
| Topical term or geographic name entry element | GILBERT V ENVIRONMENT AGENCY |
| 650 ## - SUBJECT ADDED ENTRY--TOPICAL TERM | |
| Topical term or geographic name entry element | ABFALL SERVICE AG V BUNDESMINISTER FUR UMWELT |
| 690 ## - LOCAL SUBJECT ADDED ENTRY--TOPICAL TERM (OCLC, RLIN) | |
| Topical term or geographic name as entry element | ENVIRONMENTAL AND LAND CONSULTANCY-WASTE MANAGEMENT |
| 700 ## - ADDED ENTRY--PERSONAL NAME | |
| Personal name | Boileau, S |
| 942 ## - ADDED ENTRY ELEMENTS (KOHA) | |
| Suppress in OPAC | 0 |
| Withdrawn status | Lost status | Source of classification or shelving scheme | Damaged status | Not for loan | Home library | Current library | Shelving location | Date acquired | Total Checkouts | Full call number | Barcode | Date last seen | Copy number | Price effective from | Koha item type |
|---|---|---|---|---|---|---|---|---|---|---|---|---|---|---|---|
| Dewey Decimal Classification | London | London | Journal article | 30/05/2002 | ABS65577 | 118245-1001 | 06/08/2019 | 1 | 06/08/2019 | Journal article |